1785 1208 1130 1636 1648 1551 1527 1773 1079 1186 1676 1772 1867 1212 1799 1242 1100 1414 1521 1346 1483 1765 1257 1643 1857 1743 1887 1994 1117 1484 1342 1499 1177 1674 1964 1868 1918 1456 1170 1511 1928 1559 1768 1568 1759 1801 1778 1543 1213 1654 1236 1623 1154 1328 1177 1351 1093 1920 1463 1746 1540 1322 1847 1273 1082 1236 1448 1473 1938 1927 1641 1220 1187 1595 1629 1872 1888 1486 1060 1794 1686 1461 1889 1735 1734 1943 1939 1108 1303 1776 1044 1100 1843 1667 1346 1044 1491 1165 1438 BCNSPRNW ULIB Ver.6.0+V

เปลี่ยนเป็นภาษาไทย

Change to English
 แสดงรายละเอียดบรรณานุกรม
  กลับหน้าหลัก

Brief Record : Get Marc (ISO 2709) : E-mail record : QR code < ปิดหน้าต่าง
LEADER : 00000nam 2200000uu 4500
001    13399114339
003     ULIB
008    120322s2551||||th 000 0 tha d
020    ^a9789741654345
090    ^aนว.^bน713ล 2551
100 0  ^aนีรดา
245 00 ^aเล่ห์รักพายุปรารถนา/^cนีรดา
250    ^aพิมพ์ครั้งที่ 1
260    ^aกรุงเทพฯ :^bsugar beat,^c2551
300    ^a247 หน้า
710 1  ^asugar beat
945    ^p160^l0^i15300
995    ^aกัณชพร
999    ^aใช้งานได้ทุกระบบ
รายการนี้ยังไม่มีแท็ก
คุณยังไม่ได้ล็อกอิน คุณสามารถมีกิจกรรมร่วมกับเว็บไซต์ได้ แต่ต้องล็อกอินก่อน ::
  ล็อกอิน

รายการสื่อสารสนเทศ

ลำดับที่ ประเภท เลขเรียก/บาร์โค้ด สถานที่ สถานะ
1. วิทยาศาสตร์การแพทย์ และสุขภาพ
วิทยาศาสตร์การแพทย์ และสุขภาพ
นว. น713ล 2551  
  Barcode: 15300
ห้องสมุดวิทยาเขตสวรรค์ประชารักษ์
►นวนิยาย
บนชั้น
  ขอยืม

BibComment


ยังไม่เคยถูกคอมเมนท์

คอมเมนท์ทรัพยากรรายการนี้
  คอมเมนท์: เล่ห์รักพายุปราร..


 Copyright 2026. Bcnsprnw @Library